000 00241nam a2200109Ia 4500
008 190216s9999||||xx |||||||||||||| ||und||
100 _aPrasad L M
245 0 _aOrganisational Behaviour
260 _bNull
_c1999
300 _a550p
942 _cBK
999 _c5850
_d5850